Interacciones flor-murciélago : (Registro nro. 18235)

Detalles MARC
000 -CABECERA
Campo de control 01042nam a22002777a 4500
005 - FECHA Y HORA DE LA ULTIMA TRANSACCION
Campo de control 20160317085014.0
008 - ELEMENTOS DE LONGITUD FIJA—INFORMACION GENERAL
Campo de control 160317b1990 ck ||||fr|||| 001 0 spa d
020 ## - ISBN
ISBN 968361673X
040 ## - FUENTE DE CATALOGACIÓN
Agencia catalogadora original CO-BoIAVH
Agencia transcriptora CO-BoIAVH
041 0# - IDIOMA
Código de idioma para texto/pista de sonido o título separado Español
044 ## - PAÍS DE PUBLICACIÓN
País de publicación México
082 04 - NUMERO DE CLASIFICACION DECIMAL DEWEY
Número de clasificación 599.40723
Número del ítem A71i
100 1# - ASIENTO PRINCIPAL--NOMBRE PERSONAL
Nombre personal Arita, Héctor T.
9 (RLIN) 64305
245 10 - MENCION DE TITULO
Título Interacciones flor-murciélago :
Parte restante del título un enfoque zoocéntrico /
Mención de responsabilidad Héctor T. Arita y Carlos Martínez del Río
250 ## - MENCION DE EDICION
Mención de edición Primera edición
260 ## - PUBLICACION, DISTRIBUCION, ETC. (PIE DE IMPRENTA)
Lugar de publicación, distribución, etc. México D. F. :
Nombre del editor, distribuidor, etc. Universidad Nacional Autónoma de México -- Instituto de Biología,
Fecha de publicación, distribución, etc. 1990.
300 ## - DESCRIPCION FISICA
Extensión 35 páginas ;
Dimensiones 23 x 16 centímetros
490 0# - MENCION DE SERIE
Mención de serie Publiaciones especiales del Instituto de Biología ;
Designación numérica/secuencial del volumen 4
504 ## - NOTA DE BIBLIOGRAFIA, ETC.
Nota de bibliografía Incluye referencias bibliográficas: páginas 31-35.
650 #6 - ASIENTO SECUNDARIO DE MATERIA - TERMINO TEMATICO
Término temático o nombre geográfico como elemento de entrada Chiroptera
9 (RLIN) 7597
650 #4 - ASIENTO SECUNDARIO DE MATERIA - TERMINO TEMATICO
Término temático o nombre geográfico como elemento de entrada Murciélagos
Subdivisión general ecología
9 (RLIN) 64314
650 #4 - ASIENTO SECUNDARIO DE MATERIA - TERMINO TEMATICO
Término temático o nombre geográfico como elemento de entrada Murciélagos
Subdivisión general Fisiología animal
9 (RLIN) 64315
650 #4 - ASIENTO SECUNDARIO DE MATERIA - TERMINO TEMATICO
Término temático o nombre geográfico como elemento de entrada Murciélagos
Subdivisión general morfología
9 (RLIN) 64316
700 1# - ASIENTO SECUNDARIO - NOMBRE PERSONAL
Nombre personal Martínez del Río, Carlos
Término de relación autor
9 (RLIN) 64309
942 ## - ELEMENTOS ADICIONALES (KOHA)
Sistema de clasificación Dewey Decimal Classification
Tipo de ítem Libro
Existencias
Withdrawn status Lost status Sistema de Clasificación Damaged status No para préstamo Colección Inventariado Ubicación Permanente Ubicación actual Fecha de adquisición Fuente de Valor Valor Total Checkouts Número topográfico Inventario / Código de Barras Date last seen Ejemplar Price effective from Forma de adquisición Tipo de material
    Dewey Decimal Classification     General Inventariado 2017 Bogotá Bogotá 17/03/2016 Instituto 10000.00   LB-599.40723 A71i 039885 17/03/2016 Ej. 1 17/03/2016   Libro